Регионална библиотека "Любен Каравелов" - Русе

Загадката на стая 622 (Запис номер 424623)

MARC детайли
000 -Лидер
Контролно поле с фиксирана дължина 01129nam a2200289 a 4500
003 - Код на организацията, давaща контролен номер
Контролно поле BLK
005 - Дата и час на последна редакция
Контролно поле 20250726133727.0
008 - Елементи от данни с фиксирана дължина
fixed length control field 210721b bul|||||r ||||||| ||bul||
020 ## - Международен стандартен номер на книга ISBN
Международен стандартен номер на книга ISBN 9786190208389
040 ## - Източник на каталожния запис
Идентификатор на билиотеката - собственик на записа BLK
041 ## - Код за език
Код за езика на текст/звукозапис или на отделно заглавие Български
Код за езика КДБФ Български
080 ## - УДК
Текстов определител УДК Швейцарска литература на френски език
УДК код - определител по УДК 821.133.1(494)
УДК определител -312.4
УДК - код + определител 821.133.1(494)-312.4
100 1# - Редна дума - Автор
Автор Дикер, Жоел
Дати, свързани с автора 1985 -
Авторска отговорност първи автор
R(LIN) 61431
139 ## - Редно поле
Редна дума Дикер, Жоел
Авторски знак Ди - Д 53
245 10 - Сведения за заглавието
Заглавие Загадката на стая 622
Редно поле (дума) Жоел Дикер ; прев. от фр. Красимир Петров.
257 ## - Страна на издаване
Страна на създаване/издаване Швейцария
260 ## - Област на издателските данни
Място на издаване, разпространение и проч. София
Име на издателя, разпространителя и проч. Колибри
Година на издаване 2021
Печатница (София : Алианс принт)
300 ## - Физическа характеристика
Страници 544 с.
Размери/Мащаб 21 см
380 ## - Жанр
Жанр Худож. лит.
500 ## - Общи забележки
Забележка Ориг. загл. L'Enigme dela Chambre 622/Joel Dicker
700 1# - Други автори (авторска отговорност)
Лично име Петров, Красимир Тодоров
Автороска отговорност (Описва отношението между автора и произведението) прев. от фр.
9 (RLIN) 364448
852 ## - Местоположение
Фондова буква Заемна - подръчен фонд
Систематично-азбучна сигнатура 821-31/Д 53 Ж
856 ## - Електронен адрес и достъп
Инструкция (цена за достъп) 0.00
Права за достъп disable
999 ## - СИСТЕМНИ КОНТРОЛНИ НОМЕРА
Koha biblionumber 424623
Koha biblioitemnumber 424623
942 ## - АРТИКУЛИ
Вид на библиотечния материал Книги
Скрит в OPAC Не
Koha issues (borrowed), all copies 135
Периодичен библиозапис Да
944 ## - СЪЗДАВАНЕ И РЕДАКЦИЯ на ЗАПИСА
Създаване/Редакция Създаване
Дата на регистрацията/редакция 2021-07-21
Служител, извършил регистрацията/редакцията 30575
Статус, дата на статуса Мартин Енчев
999 ## - СИСТЕМНИ КОНТРОЛНИ НОМЕРА
Koha biblioitemnumber 424623
Наличности
Код за отписване Код за изгубен артикул Източник на класификационната схема Код за повреда Коз за рестрикции Код за отдаване Артикулен № Име на библиотеката - собственик Име на библиотеката, в която се намира в момента Статус (Текущо местоположение) Дата на вписване в системата Местоположение - отдел Цена в лева Систематично азбучна сигнатура Баркод Цена в евро Служебен тип на артикула
  Не е изгубен Universal Decimal Classification Не е повреден без рестрикции заемане за дома 844239 Регионална библиотека "Любен Каравелов" Русе Регионална библиотека "Любен Каравелов" Русе Заемна - подръчен фонд 2021-07-22 Заемна - подръчен фонд 16.50 821-31/Д 53 Ж 120000859214 8.44 Книги
  Не е изгубен Universal Decimal Classification Не е повреден без рестрикции заемане за дома 844240 Регионална библиотека "Любен Каравелов" Русе Регионална библиотека "Любен Каравелов" Русе Заемна - подръчен фонд 2021-07-22 Заемна - подръчен фонд 16.50 821-31/Д 53 Ж 120000859213 8.44 Книги
  Не е изгубен Universal Decimal Classification Не е повреден само за читалня ползва се в читалня 868303 Регионална библиотека "Любен Каравелов" Русе Регионална библиотека "Любен Каравелов" Русе Хранилище 2022-01-18 Хранилище 22.00 Цб 310301 120000864183 11.25 Книги
  Не е изгубен Universal Decimal Classification Не е повреден без рестрикции заемане за дома 913202 Регионална библиотека "Любен Каравелов" Русе Регионална библиотека "Любен Каравелов" Русе Заемна - подръчен фонд 2022-11-23 Заемна - подръчен фонд 12.00 821-31/Д 53 Ж 120000878784 6.14 Книги
  Не е изгубен Universal Decimal Classification Не е повреден без рестрикции заемане за дома 913203 Регионална библиотека "Любен Каравелов" Русе Регионална библиотека "Любен Каравелов" Русе Заемна - подръчен фонд 2022-11-23 Заемна - подръчен фонд 12.00 821-31/Д 53 Ж 120000878785 6.14 Книги
Vip Innovations Ltd, Rousse, Bulgaria 2025